000 00681nam a2200205Ii 4500
003 JO-AjNU
008 230605s9999||||xx |||||||||||||| ||und||
040 _aJO-AjNU
_bara
_erda
_cJO-AjNU
041 _aara
050 1 4 _aJFI 358.A7.M37.1996
100 3 _aالمصرى ، أحمد محمد,
_eauthor
_916818
245 0 0 _aمفاهيم الإدارة العامة بالدول العربية
250 _a(د،ط)
264 3 1 _aالاسكندرية ، مؤسسة شباب الجامع ، 1996
300 _a371ص
336 _atext
_btxt
_2rdacontent
337 _aunmediated
_bn
_2rdamedia
338 _avolume
_bnc
_2rdacarrier
650 4 _aالادارة العامة
_916819
999 _aA5069
_c8637
_d8637